[Event "AUTO-ELITE-2543"]
[Site "http://www.queenalice.com/game.php?id=1849809"]
[Date "2025.1.5"]
[Round "2"]
[White "Sexxy_Bunny"]
[Black "ecruzram"]
[Result "1-0"]
[WhiteElo "2634"]
[BlackElo "2453"]

1. e4 e5 2. Nf3 Nc6 3. Bb5 a6 4. Ba4 Nf6 5. O-O Be7 6. Re1 b5 7. Bb3 O-O 8. c3
d5 9. exd5 Nxd5 10. Nxe5 Nxe5 11. Rxe5 c6 12. d4 Bd6 13. Re1 Qh4 14. g3 Qh3 15.
Be3 Bg4 16. Qd3 b4 17. cxb4 Bxb4 18. Bd2 Rad8 19. f3 Bf5 20. Qe2 Bxd2 21. Nxd2
Nc7 22. Ne4 Qh5 23. Rad1 Be6 24. Bc2 Bd5 25. Kg2 Rfe8 26. Qf2 Nb5 27. a4 Nc7 28.
b4 h6 29. Bd3 f5 30. Nc5 f4 31. Be4 Bxe4 32. fxe4 fxg3 33. hxg3 Ne6 34. Qe2 Qg6
35. Qc4 Qg4 36. e5 Kh8 37. Nxe6 Rxe6 38. Qxa6 Rg6 39. Qd3 Rxd4 40. Qf3 Rxb4 41.
Qxg4 Rbxg4 42. e6 Rxg3+ 43. Kf2 Rg2+ 44. Kf3 R2g3+ 45. Kf4 1-0

[Event "AUTO-ELITE-2543"]
[Site "http://www.queenalice.com/game.php?id=1849810"]
[Date "2025.1.5"]
[Round "2"]
[White "ecruzram"]
[Black "Sexxy_Bunny"]
[Result "1/2-1/2"]
[WhiteElo "2449"]
[BlackElo "2630"]

1. e4 c5 2. c3 Nf6 3. e5 Nd5 4. Nf3 Nc6 5. d4 cxd4 6. Bc4 Nb6 7. Bb3 d5 8. exd6
Qxd6 9. Nxd4 Nxd4 10. cxd4 Be6 11. Nc3 Bxb3 12. Qxb3 e6 13. O-O Qb4 14. d5 Qxb3
15. axb3 Nxd5 16. Nxd5 exd5 17. Be3 a6 18. Rfe1 Bd6 19. Bd4+ Kf8 20. Red1 f6 21.
Bb6 Rc8 22. Rxd5 Rc6 23. Ba5 Kf7 24. Rad1 Rhc8 25. g3 Ke6 26. Kg2 g5 27. R5d3
Be5 28. Rd7 Rc5 29. Bd8 h5 30. Rxb7 Rc2 31. h3 g4 32. Rb6+ Kf5 33. hxg4+ hxg4
34. Rd5 Ke4 35. Rd7 R8c6 36. Rb4+ Kf5 37. Rg7 Rd2 38. Bb6 Rxb6 39. Rxb6 Bd4 40.
Rxa6 Rxf2+ 41. Kh1 1/2-1/2

[Event "AUTO-ELITE-2579"]
[Site "http://www.queenalice.com/game.php?id=1855309"]
[Date "2025.4.10"]
[Round "1"]
[White "trompmaster"]
[Black "ecruzram"]
[Result "0-1"]
[WhiteElo "2452"]
[BlackElo "2500"]

1. d4 Nf6 2. Nf3 d5 3. e3 e6 4. Bd3 c5 5. b3 b6 6. O-O Bb7 7. Qe2 Be7 8. Nbd2
Nbd7 9. Bb2 O-O 10. c4 cxd4 11. Nxd4 Nc5 12. Bc2 dxc4 13. Nxc4 Qd5 14. f3 Rfd8
15. f4 Qh5 16. Qxh5 Nxh5 17. f5 Bd5 18. fxe6 Nxe6 19. Nf5 Bc5 20. Rad1 Rac8 21.
Be5 Nf6 22. Bxf6 gxf6 23. Bd3 Kf8 24. Nb2 Rc7 25. h4 Ng7 26. Nd4 Ke7 27. Rfe1 h6
28. Kf2 Bxd4 29. exd4+ Kf8 30. g3 Rcd7 31. Bb5 Rd6 32. Nc4 Bxc4 33. Bxc4 Rxd4
34. Rxd4 Rxd4 35. Re2 Rd1 36. Rc2 Ne6 37. Ke2 Rd7 38. Ke3 Ke7 39. Rc3 f5 40.
Bxe6 fxe6 41. Rc8 Kf6 42. Rh8 Kg6 43. Re8 Rd6 44. Kf4 Rd4+ 45. Ke3 Re4+ 46. Kf3
Re1 47. Ra8 e5 48. Rxa7 e4+ 49. Kf2 Rc1 50. Ra6 Rc6 51. b4 Kh5 52. b5 Rc2+ 53.
Ke3 Rc3+ 54. Kf2 Rf3+ 55. Ke1 Rxg3 56. Rxb6 Rg1+ 57. Kf2 Ra1 58. Kg3 Rf1 59. Re6
Rf3+ 60. Kg2 Kg4 61. Rxh6 e3 62. Rg6+ Kf4 63. b6 Rf2+ 64. Kh3 Rf1 65. h5 e2 66.
b7 Rb1 67. Re6 Kf3 68. Kh4 f4 69. h6 Rxb7 70. Kg5 Rb5+ 71. Kf6 Kf2 72. h7 Rh5
73. Kg6 Rh1 74. Re4 e1=Q 75. Rxe1 Kxe1 76. a4 f3 77. Kg7 f2 0-1

[Event "AUTO-ELITE-2579"]
[Site "http://www.queenalice.com/game.php?id=1855310"]
[Date "2025.4.10"]
[Round "1"]
[White "ecruzram"]
[Black "trompmaster"]
[Result "1-0"]
[WhiteElo "2493"]
[BlackElo "2455"]

1. e4 d6 2. d4 Nf6 3. Nc3 e5 4. dxe5 dxe5 5. Qxd8+ Kxd8 6. Bc4 Ke8 7. Nf3 Bd6 8.
Be3 a6 9. a4 h6 10. h3 Nc6 11. O-O-O Bd7 12. b3 Ke7 13. Kb2 Nb4 14. Nh4 b5 15.
axb5 axb5 16. Bxb5 Bxb5 17. Nf5+ Kd7 18. Nxd6 cxd6 19. Bc5 Nd3+ 20. cxd3 Rhb8
21. Be3 d5 22. exd5 Ba4 23. Nxa4 Rxa4 24. Ra1 Rab4 25. Ra3 Nxd5 26. Rc1 R4b7 27.
Rc5 Nb4 28. Kc3 Kd6 29. Kc4 f6 30. Rca5 Nc2 31. Bc5+ Kd7 32. Ra2 Nb4 33. Rb2 Rc8
34. Rd2 Ke6 35. d4 exd4 36. Rxd4 Nc6 37. Rd6+ Kf7 38. Rb5 Ne5+ 39. Kb4 Re7 40.
Rd5 Rec7 41. Bd6 Nc6+ 42. Ka3 Ra7+ 43. Kb2 Rd8 44. Bf4 Rxd5 45. Rxd5 Nb4 46. Rd4
Rb7 47. Bd6 Nc6 48. Rc4 Nd8 49. Rc7+ Ke6 50. Rxb7 Nxb7 51. Bf8 Kf7 52. Bb4 f5
53. Kc3 Ke6 54. Kd4 g5 55. Bf8 h5 56. b4 Kf7 57. Bc5 Ke6 58. b5 g4 59. h4 f4 60.
Bf8 f3 61. gxf3 gxf3 62. Ke4 Nd8 63. Ba3 Nb7 64. Kf4 Kd7 65. Kg5 Kc7 66. Kxh5
Na5 67. Kg6 Nc4 68. Bc5 Ne5+ 69. Kf5 Nd7 70. Bd4 Nf8 71. h5 Kd6 72. h6 Kd5 73.
Bb2 Kc4 74. b6 Kb3 75. Bg7 1-0

[Event "AUTO-ELITE-2579"]
[Site "http://www.queenalice.com/game.php?id=1855315"]
[Date "2025.4.10"]
[Round "1"]
[White "Diemerlin"]
[Black "ecruzram"]
[Result "0-1"]
[WhiteElo "2323"]
[BlackElo "2474"]

1. e4 c5 2. d4 cxd4 3. c3 dxc3 4. Nxc3 Nc6 5. Nf3 e6 6. Be2 d6 7. O-O Nf6 8. Qb3
Be7 9. Rd1 e5 10. h3 O-O 11. Bg5 h6 12. Bxf6 Bxf6 13. Rac1 Rb8 14. Qa3 Be7 0-1

[Event "AUTO-ELITE-2586"]
[Site "http://www.queenalice.com/game.php?id=1858471"]
[Date "2025.6.7"]
[Round "1"]
[White "trompmaster"]
[Black "ecruzram"]
[Result "0-1"]
[WhiteElo "2449"]
[BlackElo "2507"]

1. d4 Nf6 2. Nf3 d5 3. e3 e6 4. Bd3 c5 5. b3 b6 6. O-O Bb7 7. Bb2 Be7 8. dxc5
bxc5 9. Ne5 O-O 10. Nd2 Nbd7 11. Ndf3 Nxe5 12. Nxe5 Qc7 13. c4 Rad8 14. Qc2 d4
15. exd4 cxd4 16. Rae1 g6 17. Qe2 Bb4 18. Rd1 Nh5 19. g3 f6 20. Ng4 Rfe8 21. f3
e5 22. Nh6+ Kh8 23. Bc1 a5 24. Be4 Bc8 25. Qd3 f5 26. Bd5 Kg7 27. Bg5 Nf6 28. g4
Be7 29. Bxf6+ Bxf6 30. Qd2 Qe7 31. Rfe1 Bg5 32. Ng8 Bxd2 33. Nxe7 Bxe1 34. Nxc8
Rxc8 35. Rxe1 e4 36. Kf2 exf3 37. Be6 Rc5 38. gxf5 gxf5 39. Rg1+ Kf6 40. Bd5 Re3
41. Bxf3 a4 42. Rb1 Rc3 43. bxa4 R5xc4 44. Bd1 Ke5 45. Rb6 Rh3 46. Bb3 Rcc3 47.
Kg2 Kf4 48. Bd5 Rhe3 49. Rb2 d3 50. Rf2+ Ke5 51. Bf7 Re4 52. Bb3 Rc1 53. a5 Rg4+
54. Kf3 Re1 55. Bd1 Rf4+ 56. Kg2 Rxf2+ 57. Kxf2 Rxd1 0-1

[Event "AUTO-ELITE-2586"]
[Site "http://www.queenalice.com/game.php?id=1858472"]
[Date "2025.6.7"]
[Round "1"]
[White "ecruzram"]
[Black "trompmaster"]
[Result "1-0"]
[WhiteElo "2516"]
[BlackElo "2467"]

1. d4 d6 2. e4 Nf6 3. Nc3 e5 4. dxe5 dxe5 5. Qxd8+ Kxd8 6. Bc4 Ke8 7. Nf3 Bd6 8.
Be3 a6 9. a4 h6 10. h3 Nc6 11. Nd2 Bd7 12. f3 Nh5 13. Kf2 Nf4 14. g3 f6 15. h4
Nb4 16. Rac1 Ne6 17. Nb3 b6 18. Rhd1 Rb8 19. a5 b5 20. Bf1 Kf7 21. Nd5 Nxd5 22.
exd5 Nd8 23. Nc5 Bxc5 24. Bxc5 Nb7 25. Bb4 Nd6 26. h5 Rhe8 27. Re1 f5 28. b3 Re7
29. Bd3 Ree8 30. Re3 Kg8 31. Rce1 e4 32. Bxd6 exd3 33. Bf4 dxc2 34. Rc3 Rxe1 35.
Kxe1 Be8 36. Bxc7 b4 37. Rxc2 Rb5 38. d6 Rd5 39. Rc4 Bxh5 40. Rc6 Bxf3 41. Rxa6
Kf7 42. Rb6 Ke6 43. Rxb4 Rd1+ 44. Kf2 Bc6 45. Rb6 Bd7 46. a6 Ra1 47. Bb8 h5 48.
a7 Ra2+ 49. Ke1 h4 50. gxh4 f4 51. Rb4 f3 52. Rf4 Bc6 53. h5 Re2+ 54. Kf1 Ra2
55. Rf8 Bb5+ 56. Ke1 f2+ 57. Rxf2 Ra1+ 58. Kd2 Bc6 59. Re2+ Kf5 60. Kc3 Ra5 61.
Kb4 Rd5 62. Bc7 Kg4 63. Rc2 Ba8 64. Rg2+ Kxh5 65. Rxg7 Kh6 66. Rg8 1-0

[Event "AUTO-ELITE-2586"]
[Site "http://www.queenalice.com/game.php?id=1858477"]
[Date "2025.6.7"]
[Round "1"]
[White "ecruzram"]
[Black "WoodpusherKid"]
[Result "1/2-1/2"]
[WhiteElo "2493"]
[BlackElo "2501"]

1. d4 Nf6 2. c4 e6 3. Nc3 Bb4 4. Qc2 O-O 5. e4 d5 6. e5 Ne4 7. Bd3 c5 8. Nf3
cxd4 9. Nxd4 Nd7 10. Bf4 Qh4 11. g3 Qh5 12. cxd5 exd5 13. O-O Nxe5 14. Bxe5 Qxe5
15. Nf3 Qh5 16. Nxd5 Nd2 17. Nxd2 Qxd5 18. Nc4 Qh5 19. a3 Be7 20. Ne3 Bf6 21.
Be4 Be6 22. Rad1 Rad8 23. Bxb7 Qb5 24. Rxd8 Rxd8 25. Be4 g6 26. b4 Qa6 27. a4
Rd4 28. Rb1 Qd6 29. b5 Rd2 30. Rd1 Rxd1+ 31. Nxd1 Bd4 32. Ne3 Bxe3 33. fxe3 Qb4
34. h4 Bb3 35. Qc7 Qe1+ 36. Kh2 Qxe3 37. Qb8+ 1/2-1/2

[Event "AUTO-ELITE-2586"]
[Site "http://www.queenalice.com/game.php?id=1858478"]
[Date "2025.6.7"]
[Round "1"]
[White "WoodpusherKid"]
[Black "ecruzram"]
[Result "1/2-1/2"]
[WhiteElo "2453"]
[BlackElo "2493"]

1. e4 c5 2. Nf3 d6 3. d4 cxd4 4. Bb5+ Bd7 5. Nxd4 Bxb5 6. Nxb5 a6 7. Nd4 Nf6 8.
O-O g6 9. Re1 Bg7 10. c4 Nc6 11. Nc3 Nxd4 12. Qxd4 O-O 13. Bd2 Nd7 14. Qd3 b5
15. cxb5 axb5 16. Reb1 Rb8 17. Nxb5 Nc5 18. Qe2 Qd7 19. Nc3 Na4 20. Nxa4 Qxa4
21. Bc3 Bxc3 22. bxc3 Rxb1+ 23. Rxb1 Rc8 24. g3 Rxc3 25. e5 d5 26. e6 Qe4 27.
Qxe4 dxe4 28. exf7+ Kxf7 29. Re1 Rc4 30. a3 Ra4 1/2-1/2

[Event "josh_hh2222"]
[Site "http://www.queenalice.com/game.php?id=1859201"]
[Date "2025.6.27"]
[Round "2"]
[White "ecruzram"]
[Black "ChrisBidlack"]
[Result "1-0"]
[WhiteElo "2492"]
[BlackElo "1999"]

1. e4 e5 2. Nf3 Bd6 3. d4 exd4 4. Bc4 c5 5. c3 dxc3 6. Qxd6 cxb2 7. Bxb2 Qb6 8.
Qe5+ Kf8 9. Qxg7+ Ke8 10. Qxf7+ Kd8 11. Qf8+ Kc7 12. Be5+ d6 13. Nc3 Kd7 14. Rd1
Na6 15. Bxd6 Qb4 16. Ne5# 1-0

[Event "josh_hh2222"]
[Site "http://www.queenalice.com/game.php?id=1861109"]
[Date "2025.8.4"]
[Round "3"]
[White "Leanne"]
[Black "ecruzram"]
[Result "0-1"]
[WhiteElo "1283"]
[BlackElo "2492"]

1. c4 e5 2. Nc3 Nf6 3. d4 exd4 4. Qxd4 Nc6 5. Qd1 Bb4 6. Bd2 O-O 7. e4 Bxc3 8.
Bxc3 Nxe4 9. Qg4 Nxc3 10. Nf3 Qe7+ 0-1

[Event "AUTO-ELITE-2593"]
[Site "http://www.queenalice.com/game.php?id=1861680"]
[Date "2025.8.17"]
[Round "1"]
[White "WoodpusherKid"]
[Black "ecruzram"]
[Result "1-0"]
[WhiteElo "2650"]
[BlackElo "2523"]

1. c4 Nf6 2. d4 e6 3. Nf3 d5 4. g3 Be7 5. Bg2 O-O 6. O-O dxc4 7. Qc2 a6 8. a4
Bd7 9. Bg5 c5 10. dxc5 Bc6 11. Rd1 Qa5 12. Qxc4 Qxc5 13. Qxc5 Bxc5 14. Bxf6 gxf6
15. Nbd2 Rd8 16. Nc4 Rxd1+ 17. Rxd1 b5 18. Rd8+ Kg7 19. Nfd2 Bxg2 20. Kxg2 bxc4
21. Nxc4 a5 22. b3 f5 23. e3 h5 24. Rc8 Be7 25. Nb6 Ra7 26. Rxb8 Bd6 27. Ra8 Rb7
28. Nc4 Bb4 29. Ra6 Kf6 30. Kf1 Bc3 31. Rb6 Rxb6 32. Nxb6 Ke5 33. f3 Kd6 34. Ke2
Kc5 35. Kd3 Be1 36. Nc4 Kb4 37. Kc2 Bf2 38. Ne5 Bxe3 39. Nxf7 Kc5 40. h3 Kd5 41.
g4 hxg4 42. hxg4 fxg4 43. fxg4 Ke4 44. Nd6+ Kf4 45. Nc4 Bf2 46. Nxa5 e5 47. Nc6
e4 48. g5 Kxg5 49. a5 Kf4 50. a6 Bb6 51. a7 1-0

[Event "AUTO-ELITE-2593"]
[Site "http://www.queenalice.com/game.php?id=1861681"]
[Date "2025.8.17"]
[Round "1"]
[White "ecruzram"]
[Black "WoodpusherKid"]
[Result "1/2-1/2"]
[WhiteElo "2514"]
[BlackElo "2606"]

1. e4 e5 2. Nf3 Nc6 3. Bc4 Bc5 4. c3 Nf6 5. d4 exd4 6. cxd4 Bb4+ 7. Bd2 Nxe4 8.
Bxb4 Nxb4 9. Bxf7+ Kxf7 10. Qb3+ Kf8 11. Qxb4+ Qe7 12. Qxe7+ Kxe7 13. O-O Nf6
14. Re1+ Kd8 15. Nc3 a5 16. Rac1 Rf8 17. d5 d6 18. b3 Bd7 19. Nd4 Re8 20. Rxe8+
Nxe8 21. f4 Nf6 22. f5 Rc8 23. Re1 c5 24. dxc6 bxc6 25. Kf2 d5 26. Ne6+ Ke7 27.
Nxg7+ Kd6 28. h3 h5 29. g3 Rg8 30. Ne6 c5 31. Re2 Re8 32. Re1 Rg8 33. Re2 Rb8
34. Re1 Ra8 35. Kf3 d4 36. Na4 Bc6+ 37. Ke2 Bxa4 38. bxa4 Rg8 39. Kf3 d3 40. Nf4
c4 41. Re6+ Kc5 42. Rxf6 Rxg3+ 43. Kxg3 d2 44. Ra6 d1=Q 45. f6 Qg1+ 46. Kf3
1/2-1/2

[Event "AUTO-ELITE-2593"]
[Site "http://www.queenalice.com/game.php?id=1861686"]
[Date "2025.8.17"]
[Round "1"]
[White "trompmaster"]
[Black "ecruzram"]
[Result "0-1"]
[WhiteElo "2479"]
[BlackElo "2543"]

1. d4 Nf6 2. Nf3 d5 3. e3 c5 4. c3 e6 5. Nbd2 Nc6 6. Bd3 b6 7. Ne5 Nxe5 8. dxe5
Nd7 9. f4 c4 10. Be2 b5 11. O-O Be7 12. b3 Bb7 13. Nf3 O-O 14. Nd4 a6 15. Qe1
Qb6 16. b4 a5 17. Bb2 Bc8 18. Bf3 f6 19. Qd2 Kh8 20. Bxd5 exd5 21. Nf5 Qe6 22.
Nd4 Qb6 23. Nf5 Qd8 24. Nxe7 Qxe7 25. Qxd5 Rb8 26. Qd6 Qxd6 27. exd6 a4 28. e4
Bb7 29. Rae1 Rbe8 30. e5 fxe5 31. fxe5 Rxf1+ 32. Kxf1 Nxe5 33. Bc1 Bc6 34. Re2
Kg8 35. Bg5 Bd7 36. h4 Rf8+ 37. Kg1 Nc6 38. Be3 Rf5 39. Rd2 Nd8 40. Bf2 Re5 41.
Kf1 Ne6 42. g3 Nf8 43. Bd4 Rf5+ 44. Kg2 h5 45. Re2 Ne6 46. Bf2 Rd5 47. Be1 Rd3
48. Bd2 Nf8 49. Be1 Ng6 50. a3 Bg4 51. Rd2 Ne5 52. Rc2 Rxd6 53. Rd2 Rf6 54. Bf2
Nd3 55. Bg1 Ne1+ 56. Kh1 Kh7 57. Bf2 Re6 58. Ra2 Rd6 59. Kg1 Rd1 60. Kh2 Kg6 61.
Bxe1 Rxe1 62. Rc2 Bf3 63. g4 hxg4 64. Kg3 Kf5 65. Rd2 Rg1+ 66. Kf2 Rg2+ 67. Ke1
Rxd2 0-1

[Event "AUTO-ELITE-2593"]
[Site "http://www.queenalice.com/game.php?id=1861687"]
[Date "2025.8.17"]
[Round "1"]
[White "ecruzram"]
[Black "trompmaster"]
[Result "1-0"]
[WhiteElo "2535"]
[BlackElo "2511"]

1. d4 Na6 2. e4 c6 3. Nf3 e6 4. c3 d5 5. Nbd2 Nf6 6. e5 Nd7 7. Bd3 c5 8. a3 Be7
9. Nf1 Nc7 10. h4 h6 11. Ng3 a5 12. Nh5 c4 13. Bc2 Bf8 14. Bf4 b5 15. Nh2 Qxh4
16. Bg3 Qe7 17. Ng4 Kd8 18. f4 g6 19. Bh4 g5 20. Bg3 b4 21. Ba4 Nb6 22. Bc6 bxc3
23. bxc3 Rb8 24. Nhf6 Bb7 25. Bxb7 Rxb7 26. fxg5 h5 27. Nh6 Kc8 28. Rxh5 Kb8 29.
Kf2 Bg7 30. a4 Ka7 31. Kg1 Na6 32. Rh3 Nd7 33. Bf4 Rb3 34. Bd2 Bxh6 35. gxh6
Nxf6 36. exf6 Qxf6 37. Qh5 Rh7 38. Rf1 Qe7 39. Rg3 f5 40. Bg5 Qf8 41. Qg6 Qf7
42. Qxf7+ Rxf7 43. Bf4 Rbb7 44. Rg6 Rh7 45. Re1 Nc7 46. Kf2 Rd7 47. Bxc7 Rdxc7
48. Rexe6 Rf7 49. Ra6+ Kb8 50. Rg8+ Kc7 51. Kf3 f4 52. Rxa5 Rh7 53. Ra6 Rf7 54.
Rg7 Rd7 55. Kxf4 Rxg7 56. hxg7 Rb8 57. Ke5 Kd7 58. Kf6 Re8 59. g4 1-0

[Event "kasker -2"]
[Site "http://www.queenalice.com/game.php?id=1862148"]
[Date "2025.8.25"]
[Round "2"]
[White "Dogeval"]
[Black "ecruzram"]
[Result "0-1"]
[WhiteElo "2756"]
[BlackElo "2521"]

1. d4 Nf6 2. c4 e6 3. Nc3 d5 4. Nf3 Nbd7 5. cxd5 exd5 6. Bf4 c6 7. e3 Nh5 8. Bg5
Be7 9. Bxe7 Qxe7 10. Qc2 g6 11. h3 O-O 12. Be2 Ng7 13. a3 Nf6 14. b4 Bf5 15. Qb2
Ne4 16. O-O Nxc3 17. Qxc3 Rfc8 18. a4 Ne8 19. Qb3 a5 20. b5 Qb4 21. Qa2 Nf6 22.
Rac1 Ne4 23. bxc6 Rxc6 24. Rxc6 bxc6 25. Rb1 Qc3 26. g4 Be6 0-1

[Event "AUTO-ELITE-2579"]
[Site "http://www.queenalice.com/game.php?id=1866770"]
[Date "2025.12.8"]
[Round "2"]
[White "Sexxy_Bunny"]
[Black "ecruzram"]
[Result "1/2-1/2"]
[WhiteElo "2673"]
[BlackElo "2552"]

1. e4 e5 2. Nf3 Nc6 3. Bb5 a6 4. Ba4 Nf6 5. O-O Be7 6. Re1 b5 7. Bb3 O-O 8. c3
d5 9. exd5 Nxd5 10. Nxe5 Nxe5 11. Rxe5 c6 12. d4 Bd6 13. Re1 Qh4 14. g3 Qh3 15.
Be3 Be6 16. Qf3 a5 17. Qg2 Qf5 18. Bd1 b4 19. c4 Nxe3 20. fxe3 Bxc4 21. Nd2 Bb5
22. Rc1 Rad8 23. Nb3 a4 24. Nc5 Bxc5 25. Rxc5 Qe6 26. Qd2 Qxa2 27. Qxb4 Rb8 28.
Bc2 Qe6 29. b3 axb3 30. Qxb3 Qf6 31. Qc3 Rfd8 32. Be4 Rb6 33. Qc2 h6 34. Rf5 Qd6
35. Qc5 Rbb8 36. Qxd6 Rxd6 37. Bf3 Bc4 38. Rc1 g6 39. Rc5 Bd5 40. Bxd5 cxd5 41.
Rc8+ Rxc8 42. Rxc8+ Kg7 43. g4 g5 44. Kg2 h5 45. gxh5 Kh6 46. Rh8+ Kg7 47. Ra8
Kh6 48. Rh8+ Kg7 49. Ra8 Kh6 50. Rh8+ 1/2-1/2

[Event "AUTO-OPEN-4631"]
[Site "http://www.queenalice.com/game.php?id=1867165"]
[Date "2025.12.18"]
[Round "1"]
[White "luhosavi"]
[Black "ecruzram"]
[Result "0-1"]
[WhiteElo "2271"]
[BlackElo "2550"]

1. d4 Nf6 2. Nf3 e6 3. e3 d5 4. Bd3 c5 5. b3 b6 6. Bb2 Be7 7. O-O O-O 8. Nbd2
Nbd7 9. c4 Bb7 10. Rc1 cxd4 11. Nxd4 Nc5 12. Bb1 Rc8 13. f4 Qd7 14. Qe1 Rfd8 15.
Qg3 dxc4 16. Nxc4 Nce4 17. Qh3 Bd5 18. Ne5 Qb7 19. f5 Rxc1 20. Rxc1 Bd6 21. Nc4
Bxc4 22. Rxc4 b5 23. Bxe4 Qxe4 24. Nxb5 Qb1+ 25. Bc1 Bf8 26. Qf3 exf5 27. Qe2 f4
28. exf4 a6 29. Nc7 Ba3 30. Qf1 Qxa2 31. Bxa3 Qxa3 32. b4 Qe3+ 33. Kh1 h6 34.
Nxa6 Ng4 35. h3 Rd1 0-1

[Event "AUTO-OPEN-4631"]
[Site "http://www.queenalice.com/game.php?id=1867166"]
[Date "2025.12.18"]
[Round "1"]
[White "ecruzram"]
[Black "Esvir"]
[Result "1-0"]
[WhiteElo "2519"]
[BlackElo "2048"]

1. d4 d5 2. c4 dxc4 3. e4 e6 4. Bxc4 Bb4+ 5. Nc3 Nc6 6. Nf3 Nf6 7. Bd3 O-O 8. e5
Nd5 9. Bxh7+ Kxh7 10. Ng5+ Kg6 11. h4 Rh8 12. Qd3+ f5 13. exf6+ Kxf6 14. Qf3+
Ke7 15. Qf7+ 1-0

[Event "AUTO-OPEN-4631"]
[Site "http://www.queenalice.com/game.php?id=1867167"]
[Date "2025.12.18"]
[Round "1"]
[White "Esvir"]
[Black "ecruzram"]
[Result "0-1"]
[WhiteElo "1999"]
[BlackElo "2534"]

1. e4 c5 2. Bc4 e6 3. Nc3 Be7 4. Nf3 d6 5. d3 a6 6. a4 Nf6 7. O-O Nc6 8. Ne2 d5
9. exd5 exd5 10. Ba2 Bg4 11. Nf4 g5 12. h3 Bxf3 13. Qxf3 gxf4 14. Bxf4 Nd4 15.
Qd1 Rg8 16. c3 Ne6 17. Bh2 Bd6 18. Qf3 Bxh2+ 19. Kxh2 Qd6+ 20. Kh1 Rg6 21. Rae1
O-O-O 22. c4 Nd4 23. Qd1 Rdg8 24. cxd5 Rxg2 0-1

[Event "AUTO-OPEN-4631"]
[Site "http://www.queenalice.com/game.php?id=1867168"]
[Date "2025.12.18"]
[Round "1"]
[White "ecruzram"]
[Black "game"]
[Result "1-0"]
[WhiteElo "2520"]
[BlackElo "1702"]

1. e4 c5 2. Nf3 d6 3. d4 Bg4 4. dxc5 Qa5+ 5. Nc3 e5 6. h3 Bxf3 7. Qxf3 Qxc5 8.
Bb5+ Nc6 9. Be3 Qb4 10. O-O-O O-O-O 11. Rd5 Nf6 12. a3 Qa5 13. Bxc6 Nxd5 14.
Bxd5 f6 15. Qh5 Rd7 16. Be6 g6 17. Bxd7+ Kxd7 18. Qg4+ Ke7 19. Nd5+ Kf7 20. Qd7+
Kg8 21. Nxf6# 1-0

[Event "AUTO-OPEN-4631"]
[Site "http://www.queenalice.com/game.php?id=1867169"]
[Date "2025.12.18"]
[Round "1"]
[White "game"]
[Black "ecruzram"]
[Result "0-1"]
[WhiteElo "1674"]
[BlackElo "2518"]

1. f4 d5 2. d4 Nf6 3. e3 c5 4. dxc5 e6 5. Nf3 Bxc5 6. Ne5 O-O 7. Nc3 Nc6 8. Qf3
Nxe5 9. fxe5 Nd7 10. Qg3 Be7 11. Bd2 Bh4 12. Bd3 Nxe5 0-1

[Event "AUTO-ELITE-2586"]
[Site "http://www.queenalice.com/game.php?id=1868081"]
[Date "2026.1.16"]
[Round "2"]
[White "WoodpusherKid"]
[Black "ecruzram"]
[Result "1/2-1/2"]
[WhiteElo "2729"]
[BlackElo "2554"]

1. c4 Nf6 2. d4 e6 3. Nf3 d5 4. Nc3 Nbd7 5. Bf4 dxc4 6. e3 a6 7. a4 Nb6 8. a5
Nbd5 9. Bxc4 Nxf4 10. exf4 Bd6 11. Ne5 O-O 12. O-O c6 13. g3 Qc7 14. Qe2 Bb4 15.
Bd3 Bxa5 16. Ne4 Nd5 17. Ng5 g6 18. Rxa5 Qxa5 19. Nxh7 Kxh7 20. Qh5+ Kg7 21.
Bxg6 Rh8 22. Qg4 Kf8 23. Bxf7 Qd8 24. Re1 Qf6 25. Bxe6 Bxe6 26. Ng6+ Kf7 27.
Rxe6 Qxe6 28. Ne5+ Ke7 29. Qg7+ Kd8 30. f5 Qe8 31. Qxb7 Nc7 32. Nxc6+ Kd7 33.
Ne5+ Kd8 34. Nc6+ Kd7 35. Ne5+ Kd8 36. Nc6+ 1/2-1/2